Ciudades de las Regiones Pokémon de Johto y Kanto en el Mapa - Estadísticas

Estadísticas generales
  • Esta prueba ha sido intentada 332 veces
  • La puntuación promedio es 26 de 48
Respuestas en el mapa
Las respuestas están codificadas por una escala verde-roja en el mapa de la prueba según el % correcto abajo.
 
Estadísticas de respuestas
Respuesta % Correcto
Pueblo Paleta
78%
Isla Canela
71%
Ciudad Verde
69%
Pueblo Lavanda
69%
Bosque Verde
67%
Lago de la Furia
66%
Ciudad Plateada
64%
Pueblo Primavera
63%
Islas Espuma
62%
Ciudad Fucsia
61%
Meseta Añil
61%
Ciudad Azulona
60%
Pozo Slowpoke
60%
Calle Victoria
59%
Ciudad Celeste
58%
Ciudad Trigal
58%
Ciudad Olivo
57%
Faro de Ciudad Olivo
57%
Monte Plateado
57%
Ciudad Azafrán
56%
Ciudad Carmín
56%
Mt. Moon
56%
Ciudad Iris
55%
Ciudad Endrino
54%
Islas Remolino
54%
Pueblo Caoba
54%
Torre Bellsprout
54%
Torre Quemada
54%
Torre Campana
53%
Cataratas Tohjo
52%
Ciudad Malva
52%
Ruinas Alfa
52%
Cueva Celeste
51%
Cueva Diglett
51%
Encinar
51%
Guarida Dragón
50%
Pueblo Azalea
48%
Ciudad Cerezo
46%
Ciudad Orquídea
46%
Parque Nacional
46%
Central Energía
39%
Mt. Mortero
39%
Zona Safari
37%
Frente Batalla
36%
Túnel Roca
34%
Cueva Oscura
33%
Cueva Unión
31%
Parque Compi
25%
No se encontraron pruebas coincidentes
Distribución de puntuación
Porcentaje de gente con cada puntuación
Porcentaje por número respondido
Historial de tus puntuaciones
No has intentado esta prueba.